000 00571nam a2200193Ia 4500
008 240729s9999 xx 000 0 und d
022 _a1844-0029
245 0 _aTheoretical and Applied Economics
260 _aRomania
260 _bGeneral Association of Economists from Romania
650 _a Business | Social Sciences
650 _a Commerce
650 _a Economic theory. Demography
650 _a Economics as a science
650 _aSocial Sciences
856 _uhttps://doaj.org/toc/e09398e314e94bceaadf2129c392f199
942 _2ddc
942 _cDOAJEJ
999 _c71159
_d71159
945 _a1
_bMadushi Gamage
_c1
_dMadushi Gamage